Central Library OPAC University of Rajshahi

Astronomy : (Record no. 80610)

MARC details
000 -LEADER
fixed length control field 00826pam a2200277 a 4500
001 - CONTROL NUMBER
control field 80610
003 - CONTROL NUMBER IDENTIFIER
rucl marc code BD-RjUL
005 - DATE AND TIME OF LATEST TRANSACTION
control field 20221025082839.0
008 - FIXED-LENGTH DATA ELEMENTS--GENERAL INFORMATION
fixed length control field 221027s1984 nyuaf 001 0 eng
020 ## - INTERNATIONAL STANDARD BOOK NUMBER
International Standard Book Number 0471897000 :
Terms of availability $28.95 (est.)
035 ## - SYSTEM CONTROL NUMBER
System control number (BD-RjUL)80610
040 ## - CATALOGING SOURCE
Original cataloging agency DLC
Transcribing agency DLC
Modifying agency DLC
Language of cataloging eng
041 ## - LANGUAGE CODE
Language code of text/sound track or separate title eng
082 00 - DEWEY DECIMAL CLASSIFICATION NUMBER
Classification number 520
Edition number 19
Author mark and year JAA 1984
100 1# - MAIN ENTRY--PERSONAL NAME
Personal name Jastrow, Robert,
Dates associated with a name 1925-2008.
9 (RLIN) 5455
245 10 - TITLE STATEMENT
Title Astronomy :
Remainder of title fundamentals & frontiers /
Statement of responsibility, etc. Robert Jastrow, Malcolm H. Thompson.
250 ## - EDITION STATEMENT
Edition statement 4th ed.
260 ## - PUBLICATION, DISTRIBUTION, ETC. (IMPRINT)
Place of publication, distribution, etc. New York :
Name of publisher, distributor, etc. Wiley,
Date of publication, distribution, etc. c1984.
300 ## - PHYSICAL DESCRIPTION
Pagination xii, 564 p., [22] p. of plates :
Illustrations ill. (some col.) ;
Size 25 cm.
500 ## - GENERAL NOTE
General note Charts on endpapers.
General note Includes index.
650 #0 - SUBJECT ADDED ENTRY--TOPICAL TERM
Topical term or geographic name as entry element Astronomy.
9 (RLIN) 5456
700 1# - ADDED ENTRY--PERSONAL NAME
Personal name Thompson, Malcolm H.
942 ## - ADDED ENTRY ELEMENTS (KOHA)
Source of classification or shelving scheme Dewey Decimal Classification
Koha item type Books
Holdings
Lost status Source of classification or shelving scheme Damaged status Not for loan Collection code Permanent Location Current Location Date acquired Total Checkouts Full call number Date last seen Copy number Koha item type
  Dewey Decimal Classification   Not For Loan Non-fiction Central Library, University of Rajshahi Central Library, University of Rajshahi 25/10/2022   520 JAA 1984 25/10/2022 C-1 Books